Jérusalem : complexité du statut, quelles solutions possibles ? (notice n° 1583930)
[ vue normale ]
| 000 -LEADER | |
|---|---|
| fixed length control field | 01255cam a2200157 4500500 |
| 005 - DATE AND TIME OF LATEST TRANSACTION | |
| control field | 20251228052546.0 |
| 041 ## - LANGUAGE CODE | |
| Language code of text/sound track or separate title | fre |
| 042 ## - AUTHENTICATION CODE | |
| Authentication code | dc |
| 100 10 - MAIN ENTRY--PERSONAL NAME | |
| Personal name | Danino, Olivier |
| Relator term | author |
| 245 00 - TITLE STATEMENT | |
| Title | Jérusalem : complexité du statut, quelles solutions possibles ? |
| 260 ## - PUBLICATION, DISTRIBUTION, ETC. | |
| Date of publication, distribution, etc. | 2013.<br/> |
| 500 ## - GENERAL NOTE | |
| General note | 24 |
| 520 ## - SUMMARY, ETC. | |
| Summary, etc. | Jérusalem est une ville sans statut juridique officiel. L’ONU, qui prônait son internationalisation, n’a effectivement jamais adopté de texte à ce sujet. Malgré tout, les Nations unies refusent entre 1949 et 1967 de reconnaître les souverainetés israélienne et jordanienne sur Jérusalem tout comme celle d’Israël après la guerre des Six Jours en 1967 lorsque l’ensemble de la ville passe sous son administration unique. Le roi de Jordanie ne renonce à Jérusalem qu’en 1988 au profit de l’Organisation de libération de la Palestine. A partir de ce moment là, les discussions sur le futur statut de cette ville se déroulent entre Israéliens et Palestiniens sur la base d’un partage de Jérusalem. |
| 786 0# - DATA SOURCE ENTRY | |
| Note | Confluences Méditerranée | 84 | 1 | 2013-02-01 | p. 143-158 | 1148-2664 |
| 856 41 - ELECTRONIC LOCATION AND ACCESS | |
| Uniform Resource Identifier | <a href="https://shs.cairn.info/revue-confluences-mediterranee-2013-1-page-143?lang=fr&redirect-ssocas=7080">https://shs.cairn.info/revue-confluences-mediterranee-2013-1-page-143?lang=fr&redirect-ssocas=7080</a> |
Pas d'exemplaire disponible.




Réseaux sociaux